000 00959naa a22002657a 4500
001 BR8705765
003 BR-BrBNA
005 20240918175846.0
007 ta
008 230509b bl.||||| |||| 00| 0 por d
040 _aBR-BrBNA
_bpor
_cBiblioteca Nacional de Agricultura
041 _a(Pt)
072 _aP32
090 _aP32 BR8705765
100 1 _aBigarella, J.J.
111 1 _aSimposio Nacional de Solos Organicos
_cCuritiba, PR (Brazil)
_d26-30 Nov 1984
245 1 _aAmbiente de fundo de vale
260 3 _aCuritiba, PR (Brasil):
_c1984.
500 _aMazuchowski, J.Z. (ed.) Anais do Simposio Nacional de Solos Organicos Curitiba, PR (Brasil): 1984. p. 49-54 (BR8705765-AM)P32
650 _aSOLO ORGANICO
650 _aGEOMORFOLOGIA
773 0 _tAnais do Simposio Nacional de Solos Organicos
_aMazuchowski, J.Z. (ed.)
_wP32 BR8705765
_gCuritiba, PR (Brasil), 1984. p. 49-54
909 _a202404
_bLucia
_c55
_dLucia Elande
942 _cAM
_2AGRIS
999 _c318468
_d318468